[Event "FRA-chT"]
[Site "FRA"]
[Date "1996.??.??"]
[Round "?"]
[White "Fruteau, Sabine"]
[Black "Bonvalot, Isabelle"]
[Result "1-0"]
[WhiteElo "2190"]
[BlackElo "2080"]
[PlyCount "73"]
[EventDate "1996.??.??"]
[Source "ChessBase"]

1. e4 g6 2. d4 d6 3. Bc4 Nf6 4. Nc3 c6 5. Nf3 b5 6. Bd3 b4 7. Ne2 Bg4 8. Ng3
Nbd7 9. O-O e5 10. Qe1 Bxf3 11. gxf3 Rb8 12. c3 a5 13. Bd2 h5 14. h3 Nh7 15.
Kg2 Qf6 16. d5 Nc5 17. Bc4 cxd5 18. exd5 Ng5 19. f4 Nh7 20. cxb4 axb4 21. fxe5
dxe5 22. f4 Bd6 23. Bxb4 h4 24. fxe5 Qxe5 25. Bc3 Qxe1 26. Raxe1+ Kf8 27. Ne4
Nxe4 28. Rxe4 Ng5 29. Re2 Rh5 30. Rf6 Be7 31. Rc6 Bb4 32. Bxb4+ Rxb4 33. d6 Ne6
34. Bxe6 fxe6 35. Rc8+ Kf7 36. d7 Rg5+ 37. Kh2 1-0

[Event "FRA-chT"]
[Site "FRA"]
[Date "1996.??.??"]
[Round "?"]
[White "Fruteau, Sabine"]
[Black "Mailfert, Jean Pierre"]
[Result "1/2-1/2"]
[WhiteElo "2190"]
[BlackElo "2140"]
[PlyCount "54"]
[EventDate "1996.??.??"]
[Source "ChessBase"]

1. e4 c5 2. Nf3 Nc6 3. Bb5 e6 4. O-O Nge7 5. Re1 g6 6. c3 Bg7 7. d4 cxd4 8.
cxd4 d5 9. e5 Qb6 10. Nc3 Bd7 11. a4 Nf5 12. a5 Nxa5 13. Bxd7+ Kxd7 14. Na4 Qc7
15. Nc5+ Ke8 16. Qa4+ Nc6 17. b4 b6 18. Na6 Qd7 19. b5 Na5 20. Ba3 Bf8 21. Nb4
Nc4 22. Bc1 Bxb4 23. Qxb4 Qe7 24. Qc3 h6 25. Nd2 Rc8 26. Ra4 Qd7 27. Qa1 Rc7
1/2-1/2

[Event "FRA-chT"]
[Site "FRA"]
[Date "1996.??.??"]
[Round "?"]
[White "Garcia, Olivier"]
[Black "Bernard, Vincent"]
[Result "1/2-1/2"]
[WhiteElo "2250"]
[BlackElo "2125"]
[PlyCount "145"]
[EventDate "1996.??.??"]
[Source "ChessBase"]

1. c4 g6 2. g3 Bg7 3. Bg2 c5 4. e3 Nc6 5. Ne2 Nf6 6. Nbc3 O-O 7. d4 d6 8. h3
Bd7 9. O-O Rb8 10. Nd5 a6 11. dxc5 dxc5 12. Nec3 e6 13. Nxf6+ Bxf6 14. Ne4 Be7
15. Qe2 Qc7 16. Bd2 Rbd8 17. Bc3 f5 18. Nd2 Bc8 19. b3 Bf6 20. Bxf6 Rxf6 21. f4
Rff8 22. Bxc6 Qxc6 23. Nf3 b6 24. Ne5 Qc7 25. Rad1 Bb7 26. Rxd8 Rxd8 27. Rd1
Kg7 28. a3 Rd6 29. Rxd6 Qxd6 30. Qd3 Qxd3 31. Nxd3 Bc6 32. Ne5 Be8 33. b4 cxb4
34. axb4 Kf6 35. Kf2 Ke7 36. Ke2 Kd6 37. Kd3 a5 38. b5 g5 39. Kd4 h6 40. Nd3
Bh5 41. Nb2 Be2 42. Na4 Kc7 43. Nc3 gxf4 44. exf4 Bf1 45. h4 h5 46. c5 bxc5+
47. Kxc5 Bd3 48. Na4 Bc2 49. Nb2 Bb3 50. Nd3 Bd1 51. Ne5 Be2 52. Nc6 a4 53. b6+
Kb7 54. Nd8+ Kc8 55. b7+ Kb8 56. Kb4 Bd1 57. Nxe6 Kxb7 58. Nd4 Kc7 59. Nxf5 Kd7
60. Ne3 Bb3 61. Nf5 Bd1 62. Nd4 Ke7 63. Nb5 Kf6 64. Nc3 Bc2 65. Nd5+ Ke6 66.
Kc3 Be4 67. Ne3 Bc6 68. Nc2 Kf6 69. Kd4 Bd7 70. Kd5 Be6+ 71. Kd6 Bb3 72. Na3
Kf5 73. Ke7 1/2-1/2

[Event "FRA-chT"]
[Site "FRA"]
[Date "1996.??.??"]
[Round "?"]
[White "Garcia, Olivier"]
[Black "Delebarre, Xavier"]
[Result "1-0"]
[WhiteElo "2250"]
[BlackElo "2260"]
[PlyCount "85"]
[EventDate "1996.??.??"]
[Source "ChessBase"]

1. e4 c5 2. Nc3 Nc6 3. g3 g6 4. Bg2 Bg7 5. d3 d6 6. f4 Nh6 7. Nf3 e6 8. O-O O-O
9. Kh1 Rb8 10. a4 a6 11. Be3 Nd4 12. h3 f5 13. Qd2 Bd7 14. Bg1 Nxf3 15. Bxf3
Bc6 16. Rae1 Qd7 17. Qg2 Rfe8 18. g4 Kh8 19. g5 Nf7 20. h4 e5 21. exf5 gxf5 22.
h5 exf4 23. Bxc6 bxc6 24. g6 Rxe1 25. Rxe1 Ne5 26. d4 Ng4 27. dxc5 d5 28. Qf3
Qd8 29. Qxf4 Qh4+ 30. Kg2 Rf8 31. Re6 Qxh5 32. gxh7 Kxh7 33. Ne2 Rf6 34. Rxf6
Nxf6 35. Ng3 Qg6 36. Qxf5 Nh5 37. Qxh5+ Qxh5 38. Nxh5 Bxb2 39. Nf4 Bf6 40. Kf3
Kg8 41. Kg4 Kf7 42. Kf5 Bb2 43. Nd3 1-0

[Event "FRA-chT"]
[Site "FRA"]
[Date "1996.??.??"]
[Round "?"]
[White "Garcia, Olivier"]
[Black "Neron de Surgy, Gilles"]
[Result "0-1"]
[WhiteElo "2250"]
[BlackElo "2210"]
[PlyCount "102"]
[EventDate "1996.??.??"]
[Source "ChessBase"]

1. c4 c6 2. Nf3 d5 3. e3 Nf6 4. Nc3 e6 5. d4 Nbd7 6. Qc2 Bd6 7. Bd3 O-O 8. c5
Bc7 9. g4 e5 10. Be2 Nxg4 11. h3 Nxf2 12. Kxf2 e4 13. Nxe4 dxe4 14. Qxe4 Nf6
15. Qc2 Qe7 16. Bd3 Re8 17. Bd2 Ne4+ 18. Bxe4 Qxe4 19. Qxe4 Rxe4 20. Bc3 Bf5
21. Rhg1 g6 22. h4 Rae8 23. Rae1 h5 24. Rh1 Bd8 25. Ng5 Rg4 26. Reg1 f6 27. Nf3
Be4 28. Rh3 Bxf3 29. Rxf3 f5 30. Rh3 Ree4 31. Rd1 Bxh4+ 32. Kf3 Bg5 33. Rd3 Re7
34. d5 cxd5 35. Bd2 Rd7 36. b4 a6 37. a4 Kf7 38. Rh1 Be7 39. Rc1 Re4 40. b5
Rxa4 41. c6 bxc6 42. bxc6 Rc7 43. Rxd5 Ke6 44. Ra5 Ra3 45. Rxa3 Bxa3 46. Ra1
Bd6 47. Rxa6 Kd5 48. Ra5+ Kxc6 49. Bc1 Re7 50. Ra6+ Kd5 51. Ra5+ Bc5 0-1

[Event "FRA-chT"]
[Site "FRA"]
[Date "1996.??.??"]
[Round "?"]
[White "Georgiev, Krum"]
[Black "Solozhenkin, Evgeniy"]
[Result "0-1"]
[WhiteElo "2515"]
[BlackElo "2565"]
[PlyCount "67"]
[EventDate "1996.??.??"]
[Source "ChessBase"]

1. e4 Nf6 2. e5 Nd5 3. d4 d6 4. f4 dxe5 5. fxe5 c5 6. c4 Nb4 7. d5 Bf5 8. Kf2
e6 9. Nc3 Nc2 10. Nf3 Nxa1 11. Bd3 Bxd3 12. Qxd3 Be7 13. Be3 Qb6 14. Qe2 Nd7
15. Rxa1 O-O 16. Rb1 Qa6 17. d6 Bd8 18. Ne4 Qc6 19. Qd3 f5 20. Neg5 Bxg5 21.
Bxg5 Qe4 22. Rd1 Rf7 23. Qc3 h6 24. Be7 Re8 25. Re1 Qc6 26. h4 Nb6 27. h5 Qa4
28. b3 Qc6 29. Nh4 Nc8 30. Ng6 Nxe7 31. dxe7 Rfxe7 32. Nxe7+ Rxe7 33. Rd1 Qe8
34. Qf3 0-1

[Event "FRA-chT"]
[Site "FRA"]
[Date "1996.??.??"]
[Round "?"]
[White "Gerard, Nicolas"]
[Black "De Sousa, Jose"]
[Result "1-0"]
[WhiteElo "2215"]
[BlackElo "2285"]
[PlyCount "89"]
[EventDate "1996.??.??"]
[Source "ChessBase"]

1. d4 e6 2. c4 Bb4+ 3. Nc3 c5 4. d5 Nf6 5. f3 d6 6. e4 b5 7. Bd2 a6 8. Bd3 Nbd7
9. a3 bxc4 10. Bxc4 Bxc3 11. Bxc3 Nb6 12. dxe6 fxe6 13. Ba2 O-O 14. Ne2 Kh8 15.
O-O d5 16. Ba5 Rb8 17. Qc2 Qd6 18. Rac1 Nbd7 19. Bb1 Bb7 20. Rcd1 Qc6 21. exd5
exd5 22. Rfe1 Qb5 23. Bc7 Rbc8 24. Bg3 Rfe8 25. Nf4 d4 26. Ne6 Qb6 27. Ng5 c4
28. Rxe8+ Rxe8 29. Qxc4 d3+ 30. Bf2 Bd5 31. Qxd5 Qxf2+ 32. Kxf2 Re2+ 33. Kf1
Nxd5 34. Rxd3 Rxb2 35. Ba2 Rxa2 36. Rxd5 h6 37. Nf7+ Kg8 38. Rxd7 Rxa3 39. Ra7
a5 40. Nd6 Ra2 41. Nf5 a4 42. Rxg7+ Kf8 43. Ra7 a3 44. h4 h5 45. Kg1 1-0

[Event "FRA-chT"]
[Site "FRA"]
[Date "1996.??.??"]
[Round "?"]
[White "Gerard, Nicolas"]
[Black "Guillon, Cyril"]
[Result "1/2-1/2"]
[WhiteElo "2215"]
[BlackElo "2220"]
[PlyCount "85"]
[EventDate "1996.??.??"]
[Source "ChessBase"]

1. d4 f5 2. Nc3 d5 3. e4 dxe4 4. Bf4 e6 5. f3 Nf6 6. fxe4 fxe4 7. Bc4 Bb4 8.
Nge2 Nc6 9. O-O O-O 10. Bg5 Bxc3 11. bxc3 Na5 12. Bb3 Nxb3 13. cxb3 e5 14. dxe5
Qxd1 15. Raxd1 Bg4 16. Rfe1 Nd7 17. h3 Bxe2 18. Rxe2 Nxe5 19. Rxe4 Ng6 20. h4
h6 21. Bxh6 gxh6 22. Rg4 Kf7 23. Rf1+ Kg7 24. h5 Rxf1+ 25. Kxf1 Rf8+ 26. Ke2
Rf6 27. Ke3 Kf7 28. hxg6+ Rxg6 29. Rxg6 Kxg6 30. Kf4 h5 31. a4 c5 32. b4 cxb4
33. cxb4 Kf6 34. a5 a6 35. Kf3 Kf5 36. Kg3 Kg5 37. Kh3 h4 38. g4 hxg3 39. Kxg3
Kf5 40. Kf3 Ke5 41. Ke3 Kd5 42. Kd3 b5 43. axb6 1/2-1/2

[Event "FRA-chT"]
[Site "FRA"]
[Date "1996.??.??"]
[Round "?"]
[White "Gerard, Nicolas"]
[Black "Hagege, Gerard"]
[Result "1-0"]
[WhiteElo "2215"]
[BlackElo "2175"]
[PlyCount "78"]
[EventDate "1996.??.??"]
[Source "ChessBase"]

1. d4 Nf6 2. c4 g6 3. Nc3 Bg7 4. e4 d6 5. f4 c5 6. d5 O-O 7. Be2 e6 8. Nf3 exd5
9. cxd5 b5 10. e5 Nfd7 11. Bxb5 dxe5 12. O-O Qb6 13. a4 Rd8 14. d6 e4 15. Ng5
Nf6 16. Bc4 Be6 17. Nxe6 fxe6 18. Bxe6+ Kh8 19. f5 Rxd6 20. Qe1 gxf5 21. Bxf5
Nc6 22. Qh4 Ne7 23. Bxe4 Nxe4 24. Nxe4 Ng6 25. Qh5 Rd4 26. Ng5 Rh4 27. Nf7+ Kg8
28. Qd5 Bd4+ 29. Kh1 Qb8 30. Nd6+ Kh8 31. Bg5 Rh5 32. Rae1 Qg8 33. Nf7+ Kg7 34.
Qd7 Qc8 35. Qd5 Qg4 36. Qf3 Qxf3 37. Rxf3 Rb8 38. g4 Rxh2+ 39. Kxh2 Rxb2+ 1-0

[Event "FRA-chT"]
[Site "FRA"]
[Date "1996.??.??"]
[Round "?"]
[White "Gerard, Nicolas"]
[Black "Marzolo, Cyril"]
[Result "1-0"]
[WhiteElo "2215"]
[BlackElo "2200"]
[PlyCount "45"]
[EventDate "1996.??.??"]
[Source "ChessBase"]

1. d4 d5 2. c4 c6 3. Nc3 Nf6 4. cxd5 cxd5 5. Nf3 Nc6 6. Bf4 Ne4 7. e3 Nxc3 8.
bxc3 g6 9. Ne5 Qa5 10. Qb3 Bg7 11. Bb5 Bxe5 12. Bxe5 O-O 13. Bg3 Bf5 14. O-O
Rac8 15. Bh4 Rc7 16. Rfc1 Rd8 17. h3 h6 18. a4 Qb6 19. Qa3 Kf8 20. c4 dxc4 21.
Rxc4 g5 22. Bg3 Rcc8 23. Rc5 1-0

[Event "FRA-chT"]
[Site "FRA"]
[Date "1996.??.??"]
[Round "?"]
[White "Gerard, Nicolas"]
[Black "Moulain, Jean Pierre"]
[Result "1/2-1/2"]
[WhiteElo "2215"]
[BlackElo "2185"]
[PlyCount "161"]
[EventDate "1996.??.??"]
[Source "ChessBase"]

1. d4 Nf6 2. c4 e6 3. Nc3 Bb4 4. f3 d5 5. a3 Bxc3+ 6. bxc3 c5 7. cxd5 exd5 8.
e3 O-O 9. Bd3 Re8 10. Ne2 Nc6 11. O-O Bd7 12. Ng3 Rc8 13. Kh1 Na5 14. e4 cxd4
15. cxd4 dxe4 16. fxe4 Bg4 17. Qa4 h6 18. d5 Bd7 19. Qb4 Ng4 20. Nf5 Bxf5 21.
exf5 Qh4 22. h3 Nf2+ 23. Kg1 Nxh3+ 24. Kh2 Qxb4 25. axb4 Nb3 26. Rb1 Nxc1 27.
Bb5 Red8 28. Rbxc1 Rxc1 29. Rxc1 Nf4 30. Bc4 b5 31. Bb3 Rd7 32. Rc8+ Kh7 33.
Rc5 a6 34. Rc6 Nxd5 35. Rxa6 Nxb4 36. Rb6 Nd5 37. Rxb5 Nf6 38. Bc2 h5 39. Rc5
Kh6 40. Kg3 Kg5 41. Rc8 Ra7 42. Rc5 h4+ 43. Kf2 Re7 44. Kf3 Nd7 45. f6+ Kxf6
46. Rf5+ Ke6 47. Kg4 h3 48. Kxh3 Ne5 49. Rf2 Rc7 50. Bb3+ Ke7 51. g3 g6 52. Kh4
Rc3 53. Bd5 f5 54. Bb7 Kf6 55. Kh3 Kg5 56. Kg2 Nd3 57. Rd2 Nc5 58. Bf3 Nd3 59.
Bd1 Nc5 60. Rc2 Rd3 61. Rxc5 Rxd1 62. Rc4 Re1 63. Kf3 Re6 64. Ra4 Rb6 65. Rc4
Kf6 66. Ra4 g5 67. Ra8 Rb3+ 68. Kf2 Rb2+ 69. Ke3 g4 70. Rf8+ Kg6 71. Rg8+ Kf7
72. Ra8 Rg2 73. Kf4 Rf2+ 74. Kg5 Ke6 75. Re8+ Kd5 76. Re1 Kd4 77. Re7 Rf3 78.
Re8 Kd3 79. Re5 Rxg3 80. Kxf5 Rg1 81. Kf4 1/2-1/2

[Event "FRA-chT"]
[Site "FRA"]
[Date "1996.??.??"]
[Round "?"]
[White "Gilles, Raphael"]
[Black "Coupet, Pascal"]
[Result "1/2-1/2"]
[WhiteElo "2260"]
[BlackElo "2295"]
[PlyCount "87"]
[EventDate "1996.??.??"]
[Source "ChessBase"]

1. d4 f5 2. Bg5 Nf6 3. Bxf6 exf6 4. e3 Qe7 5. Nc3 c6 6. Bd3 g6 7. Qf3 d5 8. h3
Na6 9. a3 Be6 10. g4 fxg4 11. hxg4 Bf7 12. Nge2 Nc7 13. Nf4 Bg7 14. Rh2 O-O-O
15. O-O-O Ne6 16. Nxe6 Bxe6 17. Rdh1 Qd7 18. Rxh7 Bxg4 19. Qg2 f5 20. f3 Rxh7
21. Rxh7 Bh5 22. Qg5 Bf6 23. Qh6 Bg5 24. Rxd7 Bxh6 25. Rxd8+ Kxd8 26. f4 g5 27.
Be2 Bg6 28. fxg5 Bxg5 29. Nd1 b6 30. Kd2 c5 31. dxc5 bxc5 32. Ke1 Kd7 33. c3
Kd6 34. Bf3 Be8 35. b4 Ba4 36. Kd2 f4 37. exf4 Bxf4+ 38. Kd3 Bc1 39. Ne3 Bb5+
40. c4 dxc4+ 41. Nxc4+ Kc7 42. bxc5 Bxa3 43. Kd4 Bb4 44. Ne5 1/2-1/2

[Event "FRA-chT"]
[Site "FRA"]
[Date "1996.??.??"]
[Round "?"]
[White "Gilles, Raphael"]
[Black "Parmentier, Xavier"]
[Result "0-1"]
[WhiteElo "2260"]
[BlackElo "2265"]
[PlyCount "70"]
[EventDate "1996.??.??"]
[Source "ChessBase"]

1. d4 d5 2. Bg5 f6 3. Bf4 Nc6 4. Nf3 Bg4 5. Nbd2 e6 6. h3 Bh5 7. c3 g5 8. Bh2
Bd6 9. Bxd6 Qxd6 10. g4 Bg6 11. h4 O-O-O 12. hxg5 e5 13. Qa4 Kb8 14. O-O-O exd4
15. Nxd4 Nxd4 16. Qxd4 c5 17. Qe3 fxg5 18. Nc4 Qc7 19. Ne5 Be4 20. f3 Qxe5 21.
fxe4 d4 22. Qf3 Nf6 23. Rh6 dxc3 24. bxc3 Nxe4 25. Bg2 Qxc3+ 26. Qxc3 Rxd1+ 27.
Kxd1 Nxc3+ 28. Kd2 Nxa2 29. Be4 Nb4 30. Kc3 Kc7 31. Kc4 b6 32. Rf6 Rd8 33. Bf5
Rd4+ 34. Kb5 a6+ 35. Ka4 Nd5+ 0-1

[Event "FRA-chT"]
[Site "FRA"]
[Date "1996.??.??"]
[Round "?"]
[White "Gilles, Raphael"]
[Black "Solozhenkin, Evgeniy"]
[Result "0-1"]
[WhiteElo "2260"]
[BlackElo "2565"]
[PlyCount "54"]
[EventDate "1996.??.??"]
[Source "ChessBase"]

1. d4 Nf6 2. Bg5 Ne4 3. Bf4 c5 4. d5 Qb6 5. Nd2 Nxd2 6. Bxd2 Qxb2 7. e4 Qe5 8.
Bd3 Qc7 9. c4 e5 10. f4 exf4 11. Nh3 Bd6 12. O-O Be5 13. Nxf4 d6 14. Rb1 Qe7
15. Bc2 Nd7 16. Rb3 Nf6 17. Nh5 Nxh5 18. Qxh5 O-O 19. Bg5 f6 20. Bd2 b6 21.
Rbf3 Bd7 22. Bd3 Rab8 23. g4 Qe8 24. Qxe8 Rfxe8 25. g5 Bg4 26. gxf6 Bxf3 27.
Rxf3 Bxf6 0-1

[Event "FRA-chT"]
[Site "FRA"]
[Date "1996.??.??"]
[Round "?"]
[White "Goldgewicht, Lionel"]
[Black "Capit, Francois"]
[Result "1/2-1/2"]
[WhiteElo "2340"]
[BlackElo "2195"]
[PlyCount "107"]
[EventDate "1996.??.??"]
[Source "ChessBase"]

1. e4 e6 2. d4 d5 3. Nc3 Bb4 4. e5 Ne7 5. Bd2 c5 6. a3 Bxc3 7. Bxc3 Nbc6 8. Nf3
cxd4 9. Nxd4 Nxe5 10. Nxe6 Bxe6 11. Bxe5 O-O 12. Bd3 Ng6 13. Bg3 Qb6 14. Qc1 f5
15. Bf4 d4 16. O-O Bd5 17. Qd2 Nxf4 18. Qxf4 Qxb2 19. Rae1 Qxa3 20. Qxd4 Rad8
21. Ra1 Qd6 22. Qxa7 Qg6 23. f3 h5 24. Qf2 Qf6 25. Rae1 h4 26. h3 Rfe8 27. Qc5
Rxe1 28. Rxe1 Qg5 29. Qe7 Qxe7 30. Rxe7 Kf8 31. Rc7 f4 32. Bc4 Bxc4 33. Rxc4
Rd1+ 34. Kh2 Rd2 35. Rxf4+ Ke7 36. c3 Rc2 37. Rc4 b5 38. Rc5 Rc1 39. Rxb5 Rxc3
40. Rh5 Rc4 41. Rg5 Kf6 42. Rg4 Rxg4 43. hxg4 Ke5 44. g3 hxg3+ 45. Kxg3 g5 46.
Kf2 Kf6 47. Kf1 Kf7 48. Ke1 Ke7 49. Ke2 Ke6 50. Kd2 Kd6 51. Kd1 Kd7 52. Ke1 Ke7
53. Kf2 Kf6 54. Kg2 1/2-1/2

[Event "FRA-chT"]
[Site "FRA"]
[Date "1996.??.??"]
[Round "?"]
[White "Goldgewicht, Lionel"]
[Black "Eustache, Boris"]
[Result "1-0"]
[WhiteElo "2340"]
[BlackElo "2080"]
[PlyCount "54"]
[EventDate "1996.??.??"]
[Source "ChessBase"]

1. e4 e6 2. d4 d5 3. Nc3 Bb4 4. e5 c5 5. Bd2 Ne7 6. a3 Bxc3 7. Bxc3 cxd4 8.
Qxd4 Nbc6 9. Qg4 Nf5 10. Nf3 h5 11. Qf4 Rg8 12. h4 Qc7 13. Bd3 g6 14. O-O-O Bd7
15. Qg5 d4 16. Bd2 Nxe5 17. Bxf5 Nxf3 18. gxf3 exf5 19. Bb4 Be6 20. Rxd4 Rc8
21. c3 a5 22. Bd6 Qd8 23. Qe3 Qb6 24. Rhd1 Qb3 25. Bc5 g5 26. Rd7 b6 27. Re7+
Kf8 1-0

[Event "FRA-chT"]
[Site "FRA"]
[Date "1996.??.??"]
[Round "?"]
[White "Goldgewicht, Lionel"]
[Black "Huguet, Bernard"]
[Result "1-0"]
[WhiteElo "2340"]
[BlackElo "2185"]
[PlyCount "77"]
[EventDate "1996.??.??"]
[Source "ChessBase"]

1. e4 e6 2. d4 d5 3. Nc3 dxe4 4. Nxe4 Nd7 5. Nf3 Ngf6 6. Bd3 Nxe4 7. Bxe4 Nf6
8. Bd3 c5 9. O-O cxd4 10. Nxd4 Be7 11. c3 O-O 12. Qe2 Bd7 13. Re1 Re8 14. Bf4
Qa5 15. Be5 Qb6 16. Rad1 Bc6 17. Nxc6 bxc6 18. Rd2 Red8 19. Red1 g6 20. Bc4
Rxd2 21. Rxd2 Rd8 22. Rxd8+ Qxd8 23. Bb3 Nd5 24. Qc4 Qb6 25. h3 Bf6 26. Bd6 Be7
27. Bg3 Bd8 28. Be5 Bf6 29. Bxf6 Nxf6 30. Qf4 Nd5 31. Qd2 Qc5 32. Bd1 Qc4 33.
a3 Qc5 34. Be2 e5 35. c4 Nf4 36. Bf1 Ne6 37. b4 Qd4 38. Qxd4 Nxd4 39. Bd3 1-0

[Event "FRA-chT"]
[Site "FRA"]
[Date "1996.??.??"]
[Round "?"]
[White "Goldgewicht, Lionel"]
[Black "Koch, Jean Rene"]
[Result "1/2-1/2"]
[WhiteElo "2340"]
[BlackElo "2490"]
[PlyCount "75"]
[EventDate "1996.??.??"]
[Source "ChessBase"]

1. e4 c5 2. c3 Nf6 3. e5 Nd5 4. d4 cxd4 5. Nf3 e6 6. cxd4 b6 7. a3 Ba6 8. Bxa6
Nxa6 9. O-O Be7 10. Nbd2 h6 11. Ne4 O-O 12. Qd3 Nac7 13. Be3 Qc8 14. Qd2 Nxe3
15. fxe3 Qb7 16. Nc3 a5 17. Qd3 d5 18. exd6 Bxd6 19. e4 Rad8 20. Kh1 b5 21. Ne2
f5 22. exf5 Rxf5 23. Ng3 Bxg3 24. hxg3 Rdf8 25. Rae1 Qd5 26. Re5 Rh5+ 27. Rxh5
Qxh5+ 28. Kg1 b4 29. Rc1 Nd5 30. Qe4 Qf5 31. Qxf5 Rxf5 32. Rc5 Ne3 33. Rc6 Kf7
34. axb4 axb4 35. Rb6 Nc2 36. Rc6 Ne3 37. Rb6 Nc2 38. Rc6 1/2-1/2

[Event "FRA-chT"]
[Site "FRA"]
[Date "1996.??.??"]
[Round "?"]
[White "Goldgewicht, Lionel"]
[Black "Letreguilly, Olivier"]
[Result "1/2-1/2"]
[WhiteElo "2340"]
[BlackElo "2265"]
[PlyCount "149"]
[EventDate "1996.??.??"]
[Source "ChessBase"]

1. e4 c5 2. c3 Nf6 3. e5 Nd5 4. d4 cxd4 5. Nf3 e6 6. cxd4 b6 7. a3 Be7 8. Nbd2
O-O 9. Ne4 d6 10. Bd3 dxe5 11. Nxe5 Ba6 12. Bxa6 Nxa6 13. O-O Nac7 14. Re1 Nb5
15. Qd3 Nd6 16. Bd2 Nxe4 17. Rxe4 Rc8 18. Rg4 Bf6 19. Bh6 Ne7 20. Re1 Bxe5 21.
Rxe5 Ng6 22. Rxg6 hxg6 23. Bd2 Qc7 24. Bc3 Rfd8 25. Qe3 Qc4 26. h4 Rd5 27. Re4
Rcd8 28. g4 Qa4 29. Kg2 Qd1 30. Qf4 a5 31. Qc7 Qb3 32. Rf4 R5d7 33. Qe5 Qd5+
34. Re4 Qxe5 35. Rxe5 Rd5 36. Re4 Kf8 37. Kf3 Ke7 38. Ke3 Rh8 39. g5 Rf5 40. d5
Rxd5 41. Bxg7 Rc8 42. Bf6+ Kd6 43. Bc3 Rc6 44. Rg4 Kc7 45. Rf4 Rd7 46. h5 gxh5
47. Rh4 Kb7 48. Rxh5 Ka6 49. Rh7 Rb7 50. Rh8 Kb5 51. Rh7 Rcc7 52. Rh4 Rc4 53.
Rh7 Kc6 54. f3 Rc5 55. f4 Rc4 56. Rg7 Kd5 57. Rh7 Rcc7 58. Rh4 Ra7 59. Bd4 Rc4
60. Rh8 Rb7 61. Bc3 Rcc7 62. Rh4 Rd7 63. Kd3 Rbc7 64. Ke3 Ra7 65. Bd4 Ra6 66.
Rh8 b5 67. Rb8 Kc6 68. Ke4 Rb7 69. Rc8+ Kd7 70. Rf8 Kd6 71. Rd8+ Kc6 72. Rc8+
Rc7 73. Rb8 Rd7 74. Ke5 Rd5+ 75. Ke4 1/2-1/2

[Event "FRA-chT"]
[Site "FRA"]
[Date "1996.??.??"]
[Round "?"]
[White "Gouret, Thierry"]
[Black "Hagege, Gerard"]
[Result "1/2-1/2"]
[WhiteElo "2275"]
[BlackElo "2175"]
[PlyCount "78"]
[EventDate "1996.??.??"]
[Source "ChessBase"]

1. Nf3 Nf6 2. c4 c6 3. e3 d5 4. b3 g6 5. d4 Bg7 6. Bd3 O-O 7. O-O a5 8. Nc3 Na6
9. Bb2 Nb4 10. Bb1 dxc4 11. bxc4 Be6 12. a3 Na6 13. Bd3 h6 14. Qe2 Nd7 15. h3
Nb6 16. Rad1 Nc7 17. e4 Bc8 18. Qe3 Nd7 19. e5 Ne6 20. d5 cxd5 21. cxd5 Ng5 22.
Nxg5 hxg5 23. Na4 b5 24. Bxb5 Rb8 25. Bc6 Qc7 26. Rfe1 Rxb2 27. Nxb2 Nxe5 28.
Bb5 g4 29. Nd3 Nxd3 30. Rxd3 Bf6 31. hxg4 Bxg4 32. Qg3 Qc8 33. d6 exd6 34. Rxd6
Bg7 35. Rc6 Qf5 36. Be2 Re8 37. f3 Bd4+ 38. Kh1 Kg7 39. Qh4 Rh8 1/2-1/2

[Event "FRA-chT"]
[Site "FRA"]
[Date "1996.??.??"]
[Round "?"]
[White "Gouret, Thierry"]
[Black "Lecuyer, Christian"]
[Result "1-0"]
[WhiteElo "2275"]
[BlackElo "2230"]
[PlyCount "57"]
[EventDate "1996.??.??"]
[Source "ChessBase"]

1. Nf3 c5 2. e4 e6 3. d4 cxd4 4. Nxd4 Nc6 5. Nc3 Qc7 6. Be3 a6 7. Qd2 Nf6 8. f3
b5 9. O-O-O Bb7 10. g4 h6 11. h4 Ne5 12. Rg1 b4 13. Na4 Bc6 14. g5 hxg5 15.
hxg5 Bxa4 16. gxf6 gxf6 17. f4 Nc6 18. b3 Nxd4 19. Bxd4 e5 20. fxe5 fxe5 21.
bxa4 exd4 22. Qxd4 Rh2 23. Bc4 Rc8 24. Bxf7+ Ke7 25. Bb3 Rxc2+ 26. Kb1 Rc3 27.
Rg7+ Ke8 28. Bf7+ Ke7 29. Bg6+ 1-0

[Event "FRA-chT"]
[Site "FRA"]
[Date "1996.??.??"]
[Round "?"]
[White "Gouret, Thierry"]
[Black "Mensch, Etienne"]
[Result "1-0"]
[WhiteElo "2275"]
[BlackElo "2270"]
[PlyCount "83"]
[EventDate "1996.??.??"]
[Source "ChessBase"]

1. c4 e5 2. Nc3 d6 3. d4 Nd7 4. Nf3 Ngf6 5. Bg5 Be7 6. e3 O-O 7. Qc2 Re8 8.
O-O-O exd4 9. Nxd4 Nf8 10. Bd3 c6 11. h4 a6 12. Kb1 Bd7 13. f3 b5 14. g4 bxc4
15. Bxc4 d5 16. Bd3 Qb6 17. h5 Rab8 18. Bf4 c5 19. Nf5 c4 20. Nxe7+ Rxe7 21.
Be2 Rb7 22. Rxd5 Re8 23. Rd6 Qb4 24. Rxf6 gxf6 25. Nd5 Qa5 26. Nxf6+ Kg7 27.
Nxe8+ Bxe8 28. Bxc4 Bc6 29. e4 Bb5 30. Be5+ Kg8 31. Bd5 Rd7 32. Bc3 Qd8 33. a4
Rxd5 34. exd5 Bc4 35. Rd1 Qb8 36. Qd2 Qb3 37. Qd4 f6 38. Re1 Nd7 39. Kc1 Ne5
40. Rxe5 fxe5 41. Qxe5 Kf8 42. d6 1-0

[Event "FRA-chT"]
[Site "FRA"]
[Date "1996.??.??"]
[Round "?"]
[White "Gouret, Thierry"]
[Black "Verdier, Patrice"]
[Result "0-1"]
[WhiteElo "2275"]
[BlackElo "2280"]
[PlyCount "61"]
[EventDate "1996.??.??"]
[Source "ChessBase"]

1. Nf3 c5 2. e4 Nc6 3. Bb5 e6 4. O-O Nge7 5. Re1 Ng6 6. c3 Be7 7. d4 cxd4 8.
cxd4 d5 9. exd5 exd5 10. Bg5 O-O 11. Bxe7 Ncxe7 12. Nc3 Qb6 13. Qd2 Bf5 14. Re3
Be4 15. Bd3 f5 16. Rd1 Nf4 17. Bf1 Nc6 18. Bb5 Ng6 19. Bxc6 Qxc6 20. Ne5 Nxe5
21. dxe5 f4 22. Ree1 Rad8 23. f3 Bg6 24. Qd4 Qe6 25. Qxa7 Rd7 26. Qd4 Rfd8 27.
Rd2 Bf7 28. a3 g5 29. Rd3 b6 30. Red1 Rc8 31. h4 0-1

[Event "FRA-chT"]
[Site "FRA"]
[Date "1996.??.??"]
[Round "?"]
[White "Gueneau, Christophe"]
[Black "Mailfert, Jean Pierre"]
[Result "0-1"]
[WhiteElo "2180"]
[BlackElo "2140"]
[PlyCount "75"]
[EventDate "1996.??.??"]
[Source "ChessBase"]

1. Nf3 Nf6 2. c4 c6 3. d4 d5 4. Nc3 e6 5. Bg5 dxc4 6. e4 b5 7. e5 h6 8. Bh4 g5
9. exf6 gxh4 10. Ne5 Qc7 11. Qh5 Bb7 12. Be2 Rg8 13. Bf3 Rg5 14. Qxh4 Nd7 15.
Nxd7 Qxd7 16. O-O-O O-O-O 17. Rhe1 Qc7 18. Kb1 Qa5 19. Ne4 Rgd5 20. Nc3 Rg5 21.
Re5 Rxe5 22. dxe5 Rxd1+ 23. Nxd1 b4 24. Qxc4 Qxe5 25. Bxc6 Kb8 26. Bxb7 Kxb7
27. Ne3 Bd6 28. Qc2 Bc7 29. g3 Qxf6 30. Qe4+ Kc8 31. f4 Qe7 32. Nc4 Qd7 33. Kc2
Qa4+ 34. Kc1 Qxa2 35. Qc6 Kd8 36. Qc5 Qa1+ 37. Kc2 Qa4+ 38. Kd2 0-1

[Event "FRA-chT"]
[Site "FRA"]
[Date "1996.??.??"]
[Round "?"]
[White "Guidez, Yann Michel"]
[Black "Bernard, Vincent"]
[Result "1-0"]
[WhiteElo "2235"]
[BlackElo "2125"]
[PlyCount "85"]
[EventDate "1996.??.??"]
[Source "ChessBase"]

1. Nf3 Nf6 2. c4 g6 3. Nc3 c5 4. d4 cxd4 5. Nxd4 Nc6 6. Nc2 Bg7 7. g3 O-O 8.
Bg2 d6 9. O-O Qa5 10. Qd2 Be6 11. Nd5 Qd8 12. Re1 Ng4 13. Rb1 Bf5 14. e4 Bd7
15. h3 Nge5 16. Qe2 e6 17. Nde3 Ne7 18. Rd1 Qc7 19. b3 Rfd8 20. Ba3 Be8 21. Qd2
Nc8 22. Rbc1 Nc6 23. Ne1 Rd7 24. Bb2 Qd8 25. Nf3 h5 26. h4 a6 27. Ng5 Rb8 28.
f4 Bxb2 29. Qxb2 Qe7 30. Bh3 Nd8 31. f5 Rc7 32. fxg6 fxg6 33. e5 Rc5 34. exd6
Nxd6 35. b4 Rxg5 36. hxg5 Qxg5 37. Qf2 Ne4 38. Qf4 Bc6 39. Qxb8 Qxe3+ 40. Kh2
Ng5 41. Rxd8+ Kg7 42. Rg8+ Kf6 43. Qd8+ 1-0

[Event "FRA-chT"]
[Site "FRA"]
[Date "1996.??.??"]
[Round "?"]
[White "Guidez, Yann Michel"]
[Black "Koch, Jean Rene"]
[Result "0-1"]
[WhiteElo "2235"]
[BlackElo "2490"]
[PlyCount "57"]
[EventDate "1996.??.??"]
[Source "ChessBase"]

1. Nf3 f5 2. g3 g6 3. Bg2 Bg7 4. d4 Nf6 5. O-O O-O 6. c4 d6 7. Nc3 Qe8 8. d5 a5
9. Nd4 Na6 10. b3 Bd7 11. Bb2 c6 12. Qd2 Nc5 13. Rab1 Ra6 14. a3 Qf7 15. Qd1
Rc8 16. e3 Nce4 17. dxc6 bxc6 18. Qe2 Rb8 19. Qc2 Nc5 20. Ba1 e5 21. Nde2 Rab6
22. Nc1 e4 23. Rd1 Ne8 24. Bf1 Be6 25. Be2 Qb7 26. b4 axb4 27. axb4 Rxb4 28.
Rxb4 Qxb4 29. Qa2 0-1